| 000 | 00812nam a22002657a 4500 | ||
|---|---|---|---|
| 999 |
_c200459929 _d78141 |
||
| 003 | TR-AnTOB | ||
| 005 | 20240426100205.0 | ||
| 008 | 240426b ||||| |||| 00| 0 tur d | ||
| 020 | _a9786052521816 | ||
| 040 |
_aTR-AnTOB _beng _cTR-AnTOB _erda |
||
| 041 | _atur | ||
| 092 | _a801.5 GUE 2017 | ||
| 100 | _0Guerri, Aurellie | ||
| 245 |
_aKüçük ve büyük sorular : _bıspanak gerçekten seni güçlendirir mi? / _cAurelie Guerri Halfbob ; çeviri Aynur Aldaş Açkalmaz. |
||
| 260 |
_aİstanbul; _bAkan Ajans, _c2017 |
||
| 300 |
_a[48] Pages: _bİll; _c22 cm. |
||
| 336 |
_2rdacontent _atext _btxt |
||
| 337 |
_2rdamedia _aunmediated _bn |
||
| 338 |
_2rdacarrier _avolume _bnc |
||
| 490 | _v1 | ||
| 653 | _aIspanak | ||
| 942 |
_2ddc _cBK |
||